Расчёт необходимого количества технических средств при авариях на подводных переходах; Проблемы научно-технического прогресса в бурении скважин

Détails bibliographiques
Parent link:Проблемы научно-технического прогресса в бурении скважин.— 2009.— С. 204-207
Auteur principal: Шмурыгин В. А. Владимир Александрович
Autres auteurs: Козырева А. С.
Langue:russe
Publié: 2009
Sujets:
Format: MixedMaterials Chapitre de livre
KOHA link:https://koha.lib.tpu.ru/cgi-bin/koha/opac-detail.pl?biblionumber=175860

MARC

LEADER 00000naa2a2200000 4500
001 175860
005 20231031165151.0
035 |a (RuTPU)RU\TPU\book\190658 
090 |a 175860 
100 |a 20100218d2009 k y0rusy50 ca 
101 0 |a rus 
102 |a RU 
200 1 |a Расчёт необходимого количества технических средств при авариях на подводных переходах  |f В. А. Шмурыгин, А. С. Козырева 
320 |a Библиогр.: 1 назв. 
463 0 |0 (RuTPU)RU\TPU\book\186916  |t Проблемы научно-технического прогресса в бурении скважин  |o сборник докладов Всероссийской научно-технической конференции, посвященной 55-летию кафедры "Бурение скважин", 23-25 ноября 2009 г. г. Томск  |f Томский политехнический университет (ТПУ), Институт геологии и нефтегазового дела (ИГНД); под ред. В. Г. Храменкова  |v С. 204-207  |d 2009  |p 242 с. 
610 1 |a подводные переходы 
610 1 |a аварии 
610 1 |a разливы 
610 1 |a нефть 
610 1 |a загрязнение 
610 1 |a заграждения 
610 1 |a боновые заграждения 
610 1 |a перемещение 
610 1 |a нефтяные пятна 
610 1 |a труды учёных ТПУ 
700 1 |a Шмурыгин  |b В. А.  |c российский учёный в области бурения скважин и транспорта нефти  |c доцент Томского политехнического университета  |g Владимир Александрович  |2 stltpush  |3 (RuTPU)RU\TPU\pers\26137 
701 1 |a Козырева  |b А. С. 
801 1 |a RU  |b 63413507  |c 20100218 
801 2 |a RU  |b 63413507  |c 20130524  |g RCR 
942 |c BK